00543nam a2200157 a 450000100100000000500170001000800410002704000130006808200160008110000430009724500870014026000360022730000200026350000630028370000390034600001062020241130074012.0091008s1993 dr 001 0 spa d aDO-SdBNP axxxxbN714o1 aNina, Juan B.,d1959-q(Juan Bautista)10aOtra mirada al horizonte /cJuan B. Nina Martínez : prólogo Odalis G. Pérez. aSanto Domingo :bCarlos,c1993. a44 p. ;c21 cm. aIncluye datos biográficos del autor en la contracubierta1 aPérez, Odalís d1952-epról.